Satakunnan kunnat - Statistics

Yleistilastot
  • Tätä visaa on pelattu 97 kertaa
  • Keskiarvotulos 11 / 16
Vastaustilastot
Kuntamuoto Nimi % Oikein
maakunnan pääkaupunki Pori
100%
kaupunki Rauma
93%
kaupunki Harjavalta
83%
kaupunki Huittinen
73%
kunta Eura
71%
kunta Eurajoki
71%
kaupunki Kankaanpää
71%
kaupunki Kokemäki
71%
kunta Merikarvia
71%
kunta Karvia
68%
kunta Säkylä
68%
kaupunki Ulvila
68%
kunta Nakkila
66%
kunta Pomarkku
66%
kunta Siikainen
59%
kunta Jämijärvi
46%
Ehtoja vastaavia visoja ei löytynyt
Tulosjakauma
Jokaisen tuloksen saaneiden osuus
Persentiili vastausten määrän mukaan
Tuloshistoriasi
Et ole pelannut tätä visaa